000 00610cam a22002173a 4500
001 40107
003 PGUSA
005 20140828083908.0
008 120629s2012||||xxu|||||s|||||000 | eng d
040 _aPGUSA
_beng
042 _adc
050 4 _aAP
245 1 0 _aL'Illustration, No. 0045, 6 Janvier 1844
_h[electronic resource] /
_cVarious
260 _bProject Gutenberg,
_c2012
506 _aPublic domain in the USA.
516 _aElectronic text
653 _aIllustrated periodicals -- France
830 0 _aProject Gutenberg
_v40107
856 4 0 _uhttp://www.gutenberg.org/ebooks/40107
942 _cEB
999 _c269360
_d269360